| 000 | 00373nam a2200157Ia 4500 | ||
|---|---|---|---|
| 005 | 20250411045813.0 | ||
| 008 | 240331s9999 xx 000 0 und d | ||
| 020 | _a9789551188733 | ||
| 082 |
_bRAJ _a891 |
||
| 100 | _aRajakaruna,S | ||
| 245 | 0 | _aVichithra veerayaya | |
| 260 |
_aColombo _bFat Publishing Pvt Ltd _c2007 |
||
| 300 | _a252 p., | ||
| 650 | _aNovel | ||
| 942 | _cL | ||
| 999 |
_c5197 _d5197 |
||